| 000 | 00521nam a2200181Ia 4500 | ||
|---|---|---|---|
| 003 | GCL | ||
| 008 | 140319s9999 xx 000 0 ara d | ||
| 040 |
_aGCL / _cGCL |
||
| 082 | 0 | 4 |
_a796.355 _bو ه |
| 100 | 1 | _aوايت, انيتا | |
| 245 | 1 | 0 |
_aالهوكى / _cوايت, انيتا |
| 700 | 1 | _aحسن سيد معوض | |
| 490 |
_aسلسلةالالعاب الرياضية _v0 |
||
| 650 | 0 | 4 | _aالرياضة البدنية |
| 650 | 0 | 4 | _aالالعاب الرياضية |
| 650 | 0 | 4 | _aالهوكى |
| 942 |
_2ddc _cBK |
||
| 999 |
_c50881 _d50881 |
||